| 000 | 00513cam a22001457a 4500 | ||
|---|---|---|---|
| 008 | 180718b2002 xxu||||| |||| 00| 0 eng d | ||
| 100 | _aWright, Emily Gustafsson | ||
| 245 |
_aGender dimensions of child labor and street children in Brazil _cby Emily Gustafsson-Wright and Hnin Hnin Pyne |
||
| 260 |
_aWashington, D.C. _bWorld Bank _c2002 |
||
| 300 | _a30p. | ||
| 440 | _aPolicy Research Working Paper, No.2897 | ||
| 650 | _aStreet children --Brazil | ||
| 650 | _aChild labor --Brazil | ||
| 700 | _aPyne, Hnin Hnin | ||
| 999 |
_c288662 _d288662 |
||